God Bola-Pudhe Chala (Record no. 795653)

MARC details
000 -LEADER
fixed length control field 00558nam a2200229Ia 4500
008 - FIXED-LENGTH DATA ELEMENTS--GENERAL INFORMATION
fixed length control field 101110s9999 xx 000 0 und d
041 ## - LANGUAGE CODE
Language code of text/sound track or separate title MARATHI
082 ## - DEWEY DECIMAL CLASSIFICATION NUMBER
Item number JR4841
100 ## - MAIN ENTRY--PERSONAL NAME
Personal name Kulkarni Ram
245 ## - TITLE STATEMENT
Title God Bola-Pudhe Chala
260 ## - PUBLICATION, DISTRIBUTION, ETC. (IMPRINT)
Date of publication, distribution, etc 2005
Name of publisher, distributor, etc Sanika Prakashan,Nashika
300 ## - PHYSICAL DESCRIPTION
Extent 80
365 ## - TRADE PRICE
Price amount 50
520 ## - SUMMARY, ETC.
Summary, etc Gowande sir Interest & expenditure/2005-06
520 ## - SUMMARY, ETC.
Summary, etc Marathi
546 ## - LANGUAGE NOTE
Language note MARATHI
630 ## - SUBJECT ADDED ENTRY--UNIFORM TITLE
Uniform title God Bola-Pudhe Chala
650 ## - SUBJECT ADDED ENTRY--TOPICAL TERM
Topical term or geographic name as entry element Marathi
655 ## - INDEX TERM--GENRE/FORM
Genre/form data or focus term Marathi
730 ## - ADDED ENTRY--UNIFORM TITLE
Uniform title God Bola-Pudhe Chala
942 ## - ADDED ENTRY ELEMENTS (KOHA)
Koha item type Book
Holdings
Withdrawn status Lost status Damaged status Not for loan Home library Current library Shelving location Date acquired Source of acquisition Cost, normal purchase price Shelving control number Total Checkouts Barcode Date last seen Price effective from Koha item type
        D. B. J. College, Chiplun D. B. J. College, Chiplun     Anjani Prakashan Pune,bill 3465 dt.8/2/2006 50.00     DBJJR4841 11/11/2010 11/11/2010 Book